000 00575nam a2200205Ia 4500
003 OSt
005 20220925221651.0
006 a|||||r|||| 00| 0
007 ta
008 220923b |||||||| |||| 00| 0 eng d
037 _cGeneral Book
040 _aRTL
_cRTL
_beng
041 _2eng
_aeng
082 _aY13:3(X), N6
100 _aDisney Richard
_9141518
245 0 _aCan We Afford to Grow Older ?
_bA Perspective on the
260 _aLondon
_bMIT Press
_c1996
942 _hY13:3(X), N6
_cGB
_2CC
999 _c575023
_d575023